00802cam a22002291 450000100060000000300080000600500170001400800410003103500190007204000320009104100080012308200200013110000460015124500880019726000570028530000210034250400180036365000280038194200120040999900170042195201340043816315BD-RjUL20211209000008.0140213t19511950cau 001 0 eng d a(BD-RjUL)16370 aDLCcDLCdDLCdBD-RjULbeng aeng00a791.4bSPG 19511 aSpottiswoode, Raymond,d1913-1970.95044312aA grammar of the film :ban analysis of film technique /cby Raymond Spottiswoode, aBerkeley :bUniversity of California Press ,cc1951. a328 p. ;c20 cm. aInclude index 0aMotion pictures.950444 2ddccBK c16315d16315 00102ddc40718NFICaRUCLbRUCLcReadingd1990-10-20eShwkat osmanl0o791.4 SPG 1951r2014-02-13 00:00:00tC-1w2014-02-13yBK